QFS Scaffolding Limited v Richard Douglas, Jon Sable and Ann Christine Sable (Record no. 83151)
[ view plain ]
| 000 -LEADER | |
|---|---|
| fixed length control field | 01501cad a22002415a 4500 |
| 001 - CONTROL NUMBER | |
| control field | L152966 |
| 008 - FIXED-LENGTH DATA ELEMENTS--GENERAL INFORMATION | |
| fixed length control field | 110518e20100617xxk 000 0 eng d |
| 035 ## - SYSTEM CONTROL NUMBER | |
| System control number | (Sirsi) u152966 |
| 041 0# - LANGUAGE CODE | |
| Language code of text/sound track or separate title | eng |
| 245 00 - TITLE STATEMENT | |
| Title | QFS Scaffolding Limited v Richard Douglas, Jon Sable and Ann Christine Sable |
| 260 ## - PUBLICATION, DISTRIBUTION, ETC. | |
| Date of publication, distribution, etc. | 2010 |
| 520 ## - SUMMARY, ETC. | |
| Summary, etc. | [2010] EWCA Civ 682, 17 June 2010. In what circumstances can lease surrender by operation of law occur?. Appellant (Q) aimed to take over the business of London Demolition (LD) who leased a yard from respondent landlords (S). LD went into administration. Q failing to negotiate a new lease from S sought assignment of LD?s existing lease. S proceedings against Q for possession of the property as LD?s lease had been surrendered by operation of law were upheld by CC. Q appealed. ?Held?: CA found for Q. The LD lease had not been surrendered so Q who was not a tenant at will could not be forced to leave. |
| 590 ## - LOCAL NOTE (RLIN) | |
| Local note | KA |
| 650 24 - SUBJECT ADDED ENTRY--TOPICAL TERM | |
| Topical term or geographic name entry element | QFS SCAFFOLDING LTD V RICHARD SABLE AND ANOR |
| 650 24 - SUBJECT ADDED ENTRY--TOPICAL TERM | |
| Topical term or geographic name entry element | JAVAD V AQIL |
| 650 24 - SUBJECT ADDED ENTRY--TOPICAL TERM | |
| Topical term or geographic name entry element | PROUDREED LTD V MICROGEN HOLDINGS PLC |
| 650 24 - SUBJECT ADDED ENTRY--TOPICAL TERM | |
| Topical term or geographic name entry element | BELCOURT ESTATES LTD V ADESINA |
| 650 24 - SUBJECT ADDED ENTRY--TOPICAL TERM | |
| Topical term or geographic name entry element | ARTWORLD FINANCIAL CORPORATION V SAFARYAN AND ORS |
| 651 #4 - SUBJECT ADDED ENTRY--GEOGRAPHIC NAME | |
| Geographic name | England and Wales |
| Chronological subdivision | 1543- |
| 690 ## - LOCAL SUBJECT ADDED ENTRY--TOPICAL TERM (OCLC, RLIN) | |
| Topical term or geographic name as entry element | PROPERTY-COMMERCIAL PROPERTY-LEASEHOLD COMMERCIAL PROPERTY-COMMERCIAL LANDLORD AND TENANT-COMMERCIAL LEASES |
| 856 40 - ELECTRONIC LOCATION AND ACCESS | |
| Uniform Resource Identifier | <a href="https://www.bailii.org/ew/cases/EWCA/Civ/2010/682.html">https://www.bailii.org/ew/cases/EWCA/Civ/2010/682.html</a> |
| Public note | View the law report free of charge at www.bailii.org |
| 942 ## - ADDED ENTRY ELEMENTS (KOHA) | |
| Suppress in OPAC | 0 |
| Withdrawn status | Lost status | Source of classification or shelving scheme | Damaged status | Not for loan | Home library | Current library | Shelving location | Date acquired | Total Checkouts | Full call number | Barcode | Date last seen | Copy number | Price effective from | Koha item type |
|---|---|---|---|---|---|---|---|---|---|---|---|---|---|---|---|
| Dewey Decimal Classification | Virtual | Virtual | Online | 18/05/2011 | ONLINE PUBLICATION | 152966-2001 | 06/08/2019 | 1 | 06/08/2019 | Law report |